Vegyesek

Elmentve itt :
Bibliográfiai részletek
Szerzők: Vaday József
Purjesz Eugénia
Dokumentumtípus: Cikk
Megjelent: 1892
Sorozat:Magyar pedagógia : a Magyar Tudományos Akadémia Pedagógiai Bizottságának folyóirata 1
Kulcsszavak:Oktatásügy Magyarország 1892
Online Access:http://misc.bibl.u-szeged.hu/6732
LEADER 00662nab a2200193 i 4500
001 misc6732
005 20191106144415.0
008 170607s1892 hu o 0|| hun d
022 |a 0025-0260 
040 |a SZTE Miscellanea Repozitórium  |b hun 
041 |a hun 
100 1 |a Vaday József 
245 1 0 |a Vegyesek  |h [elektronikus dokumentum] /  |c  Vaday József 
260 |c 1892 
300 |a 311-313 
490 0 |a Magyar pedagógia : a Magyar Tudományos Akadémia Pedagógiai Bizottságának folyóirata  |v 1 
695 |a Oktatásügy Magyarország 1892 
700 0 1 |a Purjesz Eugénia  |e aut 
856 4 0 |u http://misc.bibl.u-szeged.hu/6732/1/mp_1892_311-313.pdf  |z Dokumentum-elérés